[Event "Mem op Francisco Codes 12th"]
[Site "Madrid"]
[Date "2018.04.08"]
[Round "1.13"]
[White "Martinez Fernandez, Fulgencio"]
[Black "Giralda Gomez, David"]
[Result "0-1"]
[WhiteElo "1510"]
[BlackElo "1791"]
[PlyCount "80"]
[EventDate "2018.04.08"]
[EventType "swiss"]
[EventRounds "9"]
[EventCountry "ESP"]
[SourceTitle "EXT 2024"]
[Source "ChessBase"]
[SourceDate "2023.10.10"]
[SourceVersion "1"]
[SourceVersionDate "2023.10.10"]
[SourceQuality "1"]

1. d4 Nf6 2. c4 e6 3. Nc3 d5 4. Nf3 dxc4 5. Qa4+ Bd7 6. Qxc4 Nc6 7. Bf4 a6 8. e3 b5 9. Qd3 Be7 10. Be2 Nb4 11. Qd1 Bc6 12. 0-0 Bb7 13. Rc1 Rc8 14. a4 bxa4 15. Nxa4 0-0 16. Nc5 Bxc5 17. Rxc5 h6 18. Qb3 Bxf3 19. Bxf3 Nbd5 20. Bg3 Qd7 21. Rfc1 Rb8 22. Qa3 g5 23. Bxc7 Nxc7 24. Rxc7 Qb5 25. R7c2 a5 26. Be2 Qb4 27. Qxb4 Rxb4 28. h3 Kg7 29. Ra1 Rfb8 30. Ra2 a4 31. Bf3 h5 32. Bc6 Rc8 33. Bxa4 Rxa4 34. Rxa4 Rxc2 35. Rb4 Ne4 36. f3 Ng3 37. Rb5 h4 38. Rxg5+ Kf6 39. Rg4 Rc1+ 40. Kf2 Rf1# 0-1